000
00216nam a22000857a 4500
001
1235340
005
20250930124933.0
245
_a
DEDEM BİR KİRAZ AĞACI
_c
ANGELA NANETTİ
260
_b
GÜNIŞIĞI KİTAPLIĞI YAYINLARI
999
_c
1235340
_d
1235340